| 000 | 00654 a2200241 4500 | ||
|---|---|---|---|
| 260 | _aCotonou | ||
| 100 | _aGNANCADJA, Yves | ||
| 700 | _aOKOUMASSOUN, Mathias | ||
| 260 | _bENEAM | ||
| 300 | _b42 p | ||
| 245 | _aApport à l'amélioration du traitement de la TVA dans les entreprises commerciales: cas de la SODIREP | ||
| 650 | _aAPPORT DU TRAITEMENT DE LA TVA | ||
| 650 | _aAMELIRATION DU TRAITEMENT DE LA TVA | ||
| 650 | _aLES ENTREPRISE COMMERCIALES | ||
| 650 | _aTRAITEMENT DE LA TVA DANS LES ENTREPRISES | ||
| 650 | _aSODIREP | ||
| 260 | _c2005 | ||
| 130 | _lFr | ||
| 500 | _a3 ex | ||
| 040 | _aENEAM | ||
| 999 |
_c9426 _d9426 |
||